Organic chemistry
Wade, organized around functional groups, is known for his student-oriented approach--he incorporates problem solving help (features in green), orientation features (in blue), and complete discussions of mechanisms (mechanism boxes and key mechanism spreads). As always, he explains concepts without...
Đã lưu trong:
| 主要作者: | |
|---|---|
| 格式: | 圖書 |
| 語言: | Undetermined |
| 出版: |
New Jersey
Pearson Prentice Hall
2006
|
| 主題: | |
| 標簽: |
添加標簽
沒有標簽, 成為第一個標記此記錄!
|
| Thư viện lưu trữ: | Trung tâm Học liệu Trường Đại học Cần Thơ |
|---|
| LEADER | 01128nam a2200229Ia 4500 | ||
|---|---|---|---|
| 001 | CTU_117861 | ||
| 008 | 210402s9999 xx 000 0 und d | ||
| 020 | |c 103.49 | ||
| 082 | |a 547 | ||
| 082 | |b W119 | ||
| 100 | |a Wade, L. G | ||
| 245 | 0 | |a Organic chemistry | |
| 245 | 0 | |c L. G. Wade | |
| 260 | |a New Jersey | ||
| 260 | |b Pearson Prentice Hall | ||
| 260 | |c 2006 | ||
| 520 | |a Wade, organized around functional groups, is known for his student-oriented approach--he incorporates problem solving help (features in green), orientation features (in blue), and complete discussions of mechanisms (mechanism boxes and key mechanism spreads). As always, he explains concepts without taking the unnecessary short cuts that often lead to misconceptions. Additionally, he integrates up-to-date aspects of spectroscopy, bioorganic chemistry (often through accessible margin notes), and many applications to polymer chemistry throughout. | ||
| 526 | |a Anh văn chuyên môn - Hóa học | ||
| 526 | |b TN163 | ||
| 650 | |a Chemistry organic | ||
| 904 | |i Tuyến | ||
| 980 | |a Trung tâm Học liệu Trường Đại học Cần Thơ | ||